Most Suicidal U.S. Cities - Statistics

General Stats
  • This quiz has been taken 48 times
  • The average score is 7 of 14
Answer Stats
Rate City % Correct
34.5 Las Vegas
94%
16.2 Denver
76%
15.1 Portland
76%
17.1 Miami
71%
14.7 Phoenix
68%
21 Albuquerque
59%
22.7 Sacramento
47%
15.2 Pittsburgh
44%
25 Tucson
41%
15.6 Jacksonville
38%
14.5 Tulsa
38%
14.8 Fresno
35%
26.1 Colorado Springs
24%
15.2 Wichita
18%
No matching quizzes found
Score Distribution
Percent of People with Each Score
Percentile by Number Answered
Your Score History
You have not taken this quiz